000 00864nam a2200241 4500
999 _c181061
_d181061
005 20210827121402.0
010 _aB-741409
020 _a9789352535224
_c795.00
020 _a9789352535224(Supplementary copy of main textbook)
_c795.00
035 _aB-741409
037 _bGift
082 _a657
100 _aTulsian,P.C
245 _aTulsian's accountancy for CA intermediate course (Group ll ):
_bwith quick revision book (supplementary to the main textbook)
_cby P.C.Tulsian [and] Bharat Tulsian
250 _a10th rev. ed
260 _aNew Delhi
_bS. Chand
_c2016
270 _a7361, Ram Nagar,
_bNew Delhi
_e110055
300 _avp.
_c26 cm(pbk)
505 _a11e
700 _aTulsian,Bharat
942 _2ddc
_cEN
_h657
_mTUL